El incidente de nulidad contra sentencias de la corte constitucional / (Registro nro. 322524)

Detalles MARC
000 -ENCABEZADO
Número de control [NR] 01156nam a22002657a 4500
005 - FECHA Y HORA DE LA ÚLTIMA TRANSACCIÓN
control field 20260526144314.0
008 - DE LONGITUD FIJA DE DATOS DE ELEMENTOS - INFORMACIÓN GENERAL
Elementos de longitud fija [NR] 230411s2022 ck |||gr|||| 00| 0 spa d
020 ## - NUMERO INTERNACIONAL NORMALIZADO PARA LIBROS [R]
Número Internacional Normalizado del libro [NR] 9786287529168
040 ## - FUENTE DE CATALOGACION [NR]
Agencia de catalogación original [NR] CO-BoUCM
Idioma de catalogación [NR] spa
Quien Cataloga Stefania Borbon (Modificó)
Quien Clasifica Deissy Garcia
041 0# - CODIGO DE IDIOMA [R]
Código de idioma para texto/pista de sonido o título separado [R] Español
100 ## - ASIENTO PRINCIPAL--NOMBRE PERSONAL [NR]
Nombre personal [NR] Echeverria Quintanilla, Eudoro
ID Autoridad 189447
245 03 - MENCION DE TITULO [NR]
Título [NR] El incidente de nulidad contra sentencias de la corte constitucional /
Mención de responsabilidad, etc. [NR] coordinador académico Eudoro Echeverri Quintana
246 ## - FORMA VARIANTE DEL TITULO [R]
Título propiamente dicho/forma breve del título [NR] The incident of nullity against judgements of the constitutional court
260 ## - PUBLICACION, DISTRIBUCION, ETC. (PIE DE IMPRENTA) [R]
Lugar de publicación, distribución, etc. [R] Medellín;
Nombre del editor, distribuidor, etc. [R] Diké;
-- Universidad Santiago de Cali,
Fecha de publicación, distribución, etc. [R] 2022
300 ## - DESCRIPCION FISICA [R]
Extensión [R] 130 páginas
504 ## - NOTA DE BIBLIOGRAFIA, ETC. [R]
Nota de bibliografía, etc. [NR] Incluye referencias bibliográficas
650 #7 - ASIENTO SECUNDARIO DE MATERIA - TERMINO TEMATICO [R]
9 (RLIN) 20601
Término temático o nombre geográfico como elemento de entrada [NR] Nulidad (Derecho)
Subdivisión general [R] Aspectos constitucionales
650 #0 - ASIENTO SECUNDARIO DE MATERIA - TERMINO TEMATICO [R]
9 (RLIN) 50242
Término temático o nombre geográfico como elemento de entrada [NR] Control de constitucionalidad
Subdivisión geográfica [R] Colombia
651 ## - ASIENTO SECUNDARIO DE MATERIA - NOMBRE GEOGRAFICO [R]
Nombre geográfico [NR] Colombia
Subdivisión general [R] Corte Constitucional
9 (RLIN) 50243
700 1# - ASIENTO SECUNDARIO - NOMBRE PERSONAL [R]
Nombre personal [NR] Zuniga Cañón, Claudia Liliana
Término de relación [R] editor
9 (RLIN) 189448
700 1# - ASIENTO SECUNDARIO - NOMBRE PERSONAL [R]
Nombre personal [NR] Adrade Agudelo, Doris Lilia
9 (RLIN) 189449
700 1# - ASIENTO SECUNDARIO - NOMBRE PERSONAL [R]
Nombre personal [NR] Ordoñez, Javier Eduardo
9 (RLIN) 189450
942 ## - ELEMENTOS DE ENTRADA AGREGADOS (KOHA)
Sistema de clasificación DEWEY
Tema principal Derecho
Tipo de ítem principal el descrito en 300a Libro
Edición 1
Clasificación 342.8610664
Parte restante de la signatura top. I372
Título oculto en OPAC No
Existencias
Total préstamos Signatura topográfica Código de barras Última vez visto Ejemplar Costo de reposición Price effective from Tipo de ítem Perdido Sistema de clasificación Dañado No prestable Tipo de ítem específico Suprimido Ubicación habitual Ubicación actual Localización Fecha de creación Forma de adquisición Costo
  342.8610664 I372 100171098 27/05/2026 Ej.1 45000.00 11/04/2023 Libro   DEWEY     Libro   Claustro Claustro 3er piso 11/04/2023 Compra 45000.00